Noem de grootste en bekendste steden en plaatsen in Drente - Statistieken

Algemene statistieken
  • Deze quiz is 18 keer genomen
  • De gemiddelde score is 9 van 22
Antwoordstatistieken
Antwoord % Correct
Assen
100%
Emmen
93%
Meppel
93%
Hoogeveen
80%
Coevorden
53%
Beilen
47%
Borger
47%
Dwingeloo
40%
Smilde
40%
Gieten
33%
Roden
33%
Rolde
33%
Westerbork
33%
Zuidlaren
33%
Eelde
27%
Klazienaveen
27%
Norg
27%
Zuidwolde
27%
Diever
20%
Schoonebeek
20%
Emmer-Compascuum
13%
Nieuw Buinen
0%
Geen overeenkomende quizzen gevonden
Scoreverdeling
Procent van Mensen met Elke Score
Percentiel versus Aantal Correcte Antwoorden
Uw Scoregeschiedenis
U heeft deze quiz nog niet genomen